000 00601nam a2200253Ia 4500
005 20260121153804.0
008 008 260114s9999 xx 000 0 eng d
020 _a9781315742182
037 _aEBOOK
040 _aCRL
040 _beng
040 _cCRL
041 _2eng
041 _aeng
084 _qCRL
100 _aJoanna Wilde
_9999134
245 4 _aThe Social Psychology of Organizations
260 _bTaylor and Francis
260 _c2016
856 _uhttp://www.taylorfrancis.com/books/9781315742182
942 _cEBOOK
999 _c1565955
_d1565955